000 00666nam a22002057a 4500
003 koha_MIRAKIL
005 20241017131447.0
008 231213b |||||||| |||| 00| 0 ||| d
020 _a9786053744085
040 _aTR-IsEVY
_btur
_cTR-IsEVY
082 _aFIC GÜL/K
100 _aGüler, Mehmet.
245 0 _aKırmızı pelerinli kurtçuk /
_cMehmet Güler ; resimleyen Nurten Deliorman.
250 _a7. bs.
260 _bFinal Kültür Sanat Yayınları,
_c2023.
_aİstanbul :
300 _a88 s. :
_brenkli resimli ;
_c21 cm.
650 _aChildren's literature -- Fiction.
650 _aÇocuk edebiyatı -- Roman.
_vÇocuk Hikayeleri.
942 _2ddc
_cBK
999 _c20919
_d20919